Highest Life Expectancy Quiz Stats

 Plays Quiz Updated Oct 10, 2016

Challenge
Share
Tweet
Embed
Score 0/15 Timer 05:00
1 Play Today
% Correct
Japan
81.1%
Sweden
76.2%
Switzerland
75.8%
Canada
67.8%
Iceland
66.6%
Luxembourg
62.8%
Monaco
61.1%
Liechtenstein
57.8%
% Correct
San Marino
52.2%
Australia
51.9%
Singapore
49.2%
Andorra
45.3%
Italy
44.1%
South Korea
42.3%
Israel
29%

You're not logged in!

Compare scores with friends on all Sporcle quizzes.
OR
Log In

You Might Also Like...

Show Comments

Extras

Top Quizzes Today


Score Distribution

Your Account Isn't Verified!

In order to create a playlist on Sporcle, you need to verify the email address you used during registration. Go to your Sporcle Settings to finish the process.

Report this User

Report this user for behavior that violates our Community Guidelines.

Details: